[Event "FIN-ch (Women)"]
[Site "Helsinki"]
[Date "2022.04.17"]
[Round "3"]
[White "Turunen, Tiina"]
[Black "Soboleva, Lidiia"]
[Result "0-1"]
[WhiteElo "1585"]
[BlackElo "1068"]
[PlyCount "92"]
[EventDate "2022.04.15"]
[EventType "tourn"]
[EventRounds "9"]
[EventCountry "FIN"]
[SourceTitle "CBM 208 Extra"]
[Source "ChessBase"]
[SourceDate "2022.07.31"]
[SourceVersion "1"]
[SourceVersionDate "2022.07.31"]
[SourceQuality "1"]

1. d4 Nf6 2. c4 g6 3. Bf4 Bg7 4. h3 0-0 5. Nf3 d6 6. Nc3 d5 7. e3 e6 8. Be2 a6 9. 0-0 Nbd7 10. Rc1 c5 11. Bd6 Re8 12. dxc5 b6 13. b4 bxc5 14. bxc5 dxc4 15. Bxc4 Bb7 16. Qb3 Bxf3 17. gxf3 Qa5 18. Na4 Bf8 19. Bxf8 Rxf8 20. c6 Qg5+ 21. Kh2 Ne5 22. Be2 Qh5 23. e4 Nxe4 24. Qe3 Ng5 25. Qxe5 Nxf3+ 26. Bxf3 Qxe5+ 27. Kg2 Qg5+ 28. Bg4 h5 29. f4 Qd5+ 30. Bf3 Qxa2+ 31. Rf2 Qxa4 32. c7 Qxf4 33. Rfc2 Rac8 34. Bb7 Rxc7 35. Rxc7 a5 36. R7c4 Qd2+ 37. Kh1 Rb8 38. R4c2 Qb4 39. Bc6 Qf4 40. Bg2 Rb2 41. Rc8+ Kg7 42. Rf1 Qd2 43. Rg1 Rc2 44. Rb8 Rc1 45. Rb1 Rxg1+ 46. Rxg1 a4 0-1